000 01242nam0a22002771 4500
001 rc\2812485
005 20250806210812.0
035 _a(NLR Aleph) 006938306
090 _a36280
_c36280
100 _a20110915d1944 u y0rusy50 ca
101 0 _arus
102 _aRU
105 _aa z |||||
200 1 _aТранспортер Даймонд-Т
_eКраткое руководство
_fСоставители: инж.-капитан Шатуновский, ст. техник-лейтенант Сирота
_gУпр. командующего бронетанк. и механизир. войсками Красной Армии
210 _aМосква
_cВоен. изд-во
_d1944
_eЛенинград
_gтип. им. Ворошилова
215 _a107 с.
_cил., черт.
_d20 см.
700 1 _aШатуновский
701 1 _aСирота
712 0 1 _aСССР
_bУправление командующего бронетанк. и механизир. войсками Красной Армии
801 0 _aRU
_bNLR
_gpsbo
801 1 _aRU
_bELAR
_2rusmarc
852 _aNLR
_jВ60 Г-3/149
942 _cBOOK
945 _aРоссийская национальная библиотека
980 _aNB
980 _aBV